Podstata a predpoklady podnikania v trhovom prostredí

Gespeichert in:
Bibliographische Detailangaben
1. Verfasser: Janošková, Mária, 1965-
Format: Buchkapitel
Sprache:Slowakisch
Tags: Tag hinzufügen
Keine Tags, Fügen Sie das erste Tag hinzu!

MARC

LEADER 00000naa$a2200000$$$4500
001 0307841
005 20250327102119.5
041 0 |a slo 
044 |a SK 
245 1 0 |a Podstata a predpoklady podnikania v trhovom prostredí  |c Mária Janošková 
100 1 |a Janošková, Mária, 1965-